Normal view
MARC view
- Physical education and training
Entry Topical Term
001 - CONTROL NUMBER
- control field: 5354
003 - CONTROL NUMBER IDENTIFIER
- control field: OSt
005 - DATE AND TIME OF LATEST TRANSACTION
- control field: 20170517112622.0
008 - FIXED-LENGTH DATA ELEMENTS
- fixed length control field: 170517|| aca||aabn | a|a d
040 ## - CATALOGING SOURCE
- Original cataloging agency: OSt
- Transcribing agency: OSt
150 ## - HEADING--TOPICAL TERM
- Topical term or geographic name entry element: Physical education and training
670 ## - SOURCE DATA FOUND
- Source citation: Work cat.: (OSt)0: Mohd Ramli Nordin 5353, Pendidikan jasmani untuk kecergasan /, 1989

PORTAL AKMAL
E-MEL JKDM
AKMAL2U
G-BAM
u-PUSTAKA